[Event "XXIX Open"]
[Site "Donostia San Sebastian ESP"]
[Date "2006.04.14"]
[Round "8"]
[White "Petrov,Marij"]
[Black "Llaneza Vega,M"]
[Result "1-0"]
[WhiteElo "2427"]
[BlackElo "2361"]

1.e4 c5 2.Nc3 Nc6 3.Bb5 Qc7 4.Nd5 Qb8 5.d3 e6 6.Bxc6 bxc6 7.Nc3 Nf6 8.f4 c4
9.dxc4 Qb4 10.e5 Ne4 11.Qd3 Nxc3 12.a3 Qb6 13.Qxc3 Bc5 14.Nf3 a5 15.b3 O-O
16.Ke2 Ba6 17.Be3 a4 18.Nd2 Bxe3 19.Qxe3 c5 20.Ne4 Qc6 21.Nxc5 Qxg2+ 22.Qf2 Qg6
23.Kd2 d6 24.exd6 axb3 25.cxb3 Rfd8 26.Qd4 Qg2+ 27.Kc3 Qf3+ 28.Nd3 Qc6 29.Rhg1 g6
30.c5 Bxd3 31.Kxd3 Qf3+ 32.Qe3 Qd5+ 33.Ke2 Rab8 34.b4 Qh5+ 35.Kf1 Qxh2 36.Rd1 Qc2
37.Rd2 Qc4+ 38.Kf2 Ra8 39.Rd3 Rac8 40.Rc1 Qa6 41.Qe4 Rc6 42.Qc4 Qa7 43.Ke2 Ra6
44.c6 Qa8 45.d7 h5  1-0

[Event "17th Pobeskydi Radegast Cup"]
[Site "Frydek Mistek CZE"]
[Date "2006.04.14"]
[Round "3"]
[White "Stukner,S"]
[Black "Skrzypczak,A"]
[Result "1-0"]
[WhiteElo "2054"]
[BlackElo "1861"]

1.e4 c5 2.Nf3 Nc6 3.Nc3 e5 4.Bc4 Be7 5.d3 Nf6 6.O-O O-O 7.h3 d6 8.Nh2 Be6
9.Bd5 Bxd5 10.Nxd5 b5 11.c3 Nd7 12.f4 exf4 13.Bxf4 Nb6 14.Qh5 h6 15.Ng4 Rb8
16.Rf3 Bg5 17.Raf1 Bxf4 18.Ndf6+ gxf6 19.Rxf4 f5 20.Nxh6+ Kg7 21.Nxf5+ Kf6
22.Qh6+ Ke5 23.Ng7  1-0

[Event "17th Pobeskydi Radegast Cup"]
[Site "Frydek Mistek CZE"]
[Date "2006.04.14"]
[Round "4"]
[White "Nemeth,Mi1"]
[Black "Hrtanek,J"]
[Result "1-0"]
[WhiteElo "2401"]
[BlackElo "2181"]

1.e4 c5 2.Nf3 Nc6 3.Nc3 d6 4.d4 cxd4 5.Nxd4 e5 6.Nf3 h6 7.Be2 Nf6 8.O-O Be6
9.Re1 Be7 10.h3 O-O 11.Bf1 Rc8 12.Nd5 Bxd5 13.exd5 Nb8 14.c4 Nbd7 15.Be3 b6
16.b4 Nh7 17.Nd2 f5 18.f3 Bh4 19.Re2 Nhf6 20.Rc1 Nh5 21.Nb3 Bg5 22.Qe1 Bh4
23.Bf2 Bg5 24.Rc3 Nf4 25.Rec2 Bf6 26.Qd2 Kh8 27.c5 Bg5 28.Qd1 bxc5 29.bxc5 dxc5
30.g3 Ng6 31.h4 Bf6 32.Nxc5 Nxc5 33.Bxc5 e4 34.Rb3 Ne5 35.Bxf8 Qxf8 36.fxe4 fxe4
37.Bg2 Rxc2 38.Qxc2 Ng4 39.Bh3 Bd4+ 40.Kh1 Nf2+ 41.Kg2 Nxh3 42.Qxe4 Qf2+
43.Kxh3 Qg1 44.Kg4 Bb6 45.Rf3 Qd1 46.Kh5 Bd4 47.Kg4 Bb6  1-0

[Event "LII Nacional Abierto"]
[Site "Mexico City MEX"]
[Date "2006.04.14"]
[Round "5"]
[White "Hernandez,Gi"]
[Black "Rodriguez Quintana,D"]
[Result "1-0"]
[WhiteElo "2530"]
[BlackElo "2292"]

1.e4 c5 2.Nc3 Nc6 3.Bb5 d6 4.Bxc6+ bxc6 5.f4 d5 6.Nf3 e6 7.d3 Nf6 8.e5 d4
9.Na4 Nd5 10.O-O Qa5 11.b3 Be7 12.Bd2 Qc7 13.Qe2 Bd7 14.Ng5 Nb6 15.Nb2 h6
16.Ne4 O-O-O 17.a4 f5 18.exf6 gxf6 19.a5 Nd5 20.Na4 Bd6 21.Qf3 f5 22.Nxd6+ Qxd6
23.Qe2 Rdg8 24.Rae1 Rg7 25.Qe5 Qe7 26.c4 Rhg8 27.Re2 Nf6 28.Nxc5 Ng4 29.Qxd4 Qh4
30.h3 Nf6 31.Rf3 Nh5 32.Nxd7 Rxd7 33.Qc5 Rc7 34.Rxe6 Ng3 35.Rxc6  1-0

[Event "44th Doeberl Cup"]
[Site "Canberra AUS"]
[Date "2006.04.15"]
[Round "4"]
[White "Wright,N"]
[Black "Charles,Ga"]
[Result "1/2-1/2"]
[WhiteElo "2163"]
[BlackElo "2196"]

1.e4 c5 2.Nf3 Nc6 3.Nc3 d6 4.a3 Nf6 5.Rb1 g6 6.b4 Bg7 7.Bc4 O-O 8.h3 e6 9.bxc5 dxc5
10.O-O b6 11.d3 Nd7 12.Bg5 Qc7 13.Ne2 Nde5 14.Nxe5 Nxe5 15.Ba2 Nc6 16.Qd2 f6
17.Be3 Kh8 18.f4 Qe7 19.Rf2 f5 20.e5 Bb7 21.Nc3 Ba6 22.Nb5 Bxb5 23.Rxb5 Qd7
24.Rb2 Rad8 25.Rf1 Ne7 26.Qf2 Nd5 27.Bd2 g5 28.g3 Rg8 29.Kh2 gxf4 30.gxf4 Bh6
31.Rbb1 Rg6 32.Rg1 Rdg8 33.Rxg6 Rxg6 34.Rg1 Rxg1 35.Kxg1 Qd8 36.Kg2 a6 37.Qf3 Qg8+
38.Kh2 Qf7 39.Bxd5 exd5 40.Be1 Qe6 41.Bh4 Kg8 42.Bf6 Kf8 43.a4 a5 44.Qg3 Qf7
45.Qh4 Qg6 46.Bd8 Kg8 47.Qg3 Kf7 48.Qxg6+ hxg6 49.Kg3 b5 50.axb5 a4 51.b6 a3
52.b7 a2 53.b8=Q a1=Q 54.Qb7+ Kf8 55.Qe7+ Kg8 56.Qe8+ Kh7 57.Qe7+ Kg8 58.Qxc5 Qe1+
59.Kg2 Qd2+ 60.Qf2 Qxf2+ 61.Kxf2 Bxf4 62.Bf6 Kf7 63.Kf3 Bd2 64.Bh8 Ke6 65.d4 Bc1
66.Bf6 Bb2 67.Ke3 Bc1+ 68.Kd3 g5 69.c4 g4 70.hxg4 fxg4 71.Bh4 Bf4 72.cxd5+ Kxd5
73.Bf2 g3  1/2-1/2

[Event "7th ch-Euro w t/b qual"]
[Site "Kusadasi TUR"]
[Date "2006.04.16"]
[Round "1.1"]
[White "Przezdziecka,M"]
[Black "Velcheva,M"]
[Result "1/2-1/2"]
[WhiteElo "2265"]
[BlackElo "2279"]

1.e4 c5 2.Nf3 Nc6 3.Nc3 d6 4.d4 cxd4 5.Nxd4 Nf6 6.g3 Bd7 7.Bg2 e6 8.Nde2 a6
9.O-O Be7 10.h3 Qc7 11.Be3 h6 12.Qd2 Na5 13.b3 Rc8 14.Rac1 b5 15.f4 Bc6 16.Qd3 Qb7
17.Nd4 b4 18.Nxc6 Nxc6 19.Na4 Nd7 20.Kh2 O-O 21.g4 Rfd8 22.Qe2 Nc5 23.Nxc5 dxc5
24.g5 hxg5 25.fxg5 Ne5 26.Kh1 c4 27.Qf2 Bd6 28.Bf4 cxb3 29.axb3 Rd7 30.Rcd1 Bb8
31.Rd2 Rcd8 32.Rfd1 a5  1/2-1/2

[Event "Spring NAm GMA"]
[Site "Schaumburg USA"]
[Date "2006.04.18"]
[Round "1"]
[White "Friedel,J"]
[Black "Kriventsov,S"]
[Result "1/2-1/2"]
[WhiteElo "2465"]
[BlackElo "2449"]

1.e4 c5 2.Nf3 Nc6 3.Nc3 g6 4.d4 cxd4 5.Nxd4 Bg7 6.Be3 Nf6 7.Bc4 O-O 8.Bb3 a5
9.O-O Nxd4 10.Bxd4 d6 11.Re1 Bd7 12.a4 Bc6 13.f4 Nd7 14.e5 dxe5 15.fxe5 e6
16.Qg4 Qe7 17.Qf4 Nc5 18.Bc4 b6 19.Nb5 Rad8 20.b3 Qb7 21.Nd6 Rxd6 22.exd6 Bxd4+
23.Qxd4 Bxg2 24.c3 Rd8 25.Ra2 Bd5 26.Rd2 Rxd6 27.b4 Nd7 28.Qf4 Qc6 29.Rf2 e5
30.Bxd5 Qxd5 31.Qe3 f5 32.Qg5 e4 33.bxa5 bxa5 34.Rb1 Nf6 35.Rfb2 Qc5+ 36.Kh1 Qxc3
37.Rb8+ Kf7 38.Qh6 Qf3+ 39.Kg1 Qg4+ 40.Kf1 Rd1+ 41.Rxd1 Qxd1+ 42.Kg2 Qe2+
43.Kg1 Qd1+ 44.Kg2 Qd6 45.Rb7+ Ke6 46.Qc1 f4 47.Qc8+ Ke5 48.Qc3+ Ke6 49.Qc4+ Ke5
50.Qc3+ Ke6 51.Qc4+ Ke5  1/2-1/2

[Event "Spring NAm GMA"]
[Site "Schaumburg USA"]
[Date "2006.04.19"]
[Round "3"]
[White "Mitkov,N"]
[Black "Kriventsov,S"]
[Result "1/2-1/2"]
[WhiteElo "2561"]
[BlackElo "2449"]

1.e4 c5 2.Nc3 Nc6 3.Nf3 g6 4.d4 cxd4 5.Nxd4 Bg7 6.Be3 Nf6 7.Bc4 O-O 8.Bb3 a5
9.f3 d5 10.exd5 Nb4 11.Nde2 a4 12.Nxa4 Nfxd5 13.Bf2 Bf5 14.a3 Nxc2+ 15.Bxc2 Qa5+
16.b4 Nxb4 17.axb4 Qxb4+ 18.Qd2 Qxd2+ 19.Kxd2 Bxa1 20.Rxa1 Bxc2 21.Kxc2 b5
22.Nec3 bxa4 23.Rxa4 Rxa4 24.Nxa4 Ra8 25.Nc3 f6 26.Kd3 Kf7 27.h4 Rd8+ 28.Ke2 Rc8
29.Kd3 Rd8+ 30.Ke2 Rc8 31.Kd3  1/2-1/2

[Event "XIII TCh-RUS 1st League"]
[Site "Sochi RUS"]
[Date "2006.04.20"]
[Round "1"]
[White "Belikov,V"]
[Black "Baklan,V"]
[Result "1/2-1/2"]
[WhiteElo "2552"]
[BlackElo "2606"]

1.e4 c5 2.Nc3 Nc6 3.Nf3 d6 4.d4 cxd4 5.Nxd4 Nf6 6.Bg5 e6 7.Qd2 a6 8.O-O-O Bd7
9.Nxc6 Bxc6 10.Qe1 Qa5 11.f4 Be7 12.Bh4 Qc7 13.Bd3 b5 14.Kb1 O-O 15.e5 dxe5
16.fxe5 Nd5 17.Nxd5 Bxd5 18.Rf1 Bxh4 19.Qxh4 h6 20.Qh5  1/2-1/2

[Event "Spring NAm IMC"]
[Site "Schaumburg USA"]
[Date "2006.04.21"]
[Round "8"]
[White "Pasalic,M"]
[Black "Hernandez,Gi"]
[Result "0-1"]
[WhiteElo "2363"]
[BlackElo "2530"]

1.e4 c5 2.Nf3 Nc6 3.Nc3 d6 4.d4 cxd4 5.Nxd4 Nf6 6.Bg5 Qb6 7.Nb3 e6 8.Be2 a6
9.O-O Be7 10.Kh1 Qc7 11.a4 O-O 12.a5 d5 13.exd5 Rd8 14.Bf3 Nb4 15.Ra4 Nbxd5
16.Nxd5 Nxd5 17.Bxe7 Nxe7 18.Rd4 Bd7 19.Bxb7 Qxb7 20.Nc5 Qxb2 21.Nxd7 Nc6
22.Rd6 Qb5 23.Kg1 h6 24.h3 Rac8 25.Qd2 Qxa5 26.Qxa5 Nxa5 27.Rxa6 Rxd7 28.Rxa5 Rxc2
29.Ra3 g5 30.Rfa1 Kg7 31.Ra7 Rdd2 32.Rf1 h5 33.Ra5 Kg6 34.Rb5 Re2 35.Ra5 e5
36.Rb5 h4 37.Ra5 Rcd2 38.Rb5 e4 39.Re5 f6 40.Re7 Rc2 41.Re8 Kf7 42.Ra8 e3
43.Ra3 exf2+ 44.Kh2 Re1 45.Ra7+ Kg6 46.Rxf2 Rxf2 47.Rg7+ Kf5 48.Rxg5+ Ke6  0-1

[Event "XIII TCh-RUS 1st League"]
[Site "Sochi RUS"]
[Date "2006.04.21"]
[Round "2"]
[White "Pilavov,G"]
[Black "Rogovski,V"]
[Result "1/2-1/2"]
[WhiteElo "2550"]
[BlackElo "2476"]

1.e4 c5 2.Nc3 Nc6 3.Nf3 g6 4.h4 Nf6 5.e5 Ng4 6.h5 Ngxe5 7.Nxe5 Nxe5 8.f4 Nc6
9.hxg6 fxg6 10.Bd3 Rg8 11.Rxh7 d5 12.b3 Qd6 13.g3 Bg7 14.Bb2 Bxc3 15.Bxc3 Bd7
16.Qe2 d4 17.Bb2 O-O-O 18.O-O-O e5 19.Ba3 exf4 20.gxf4 Rge8 21.Qg2 Bf5 22.Bxf5+ gxf5
23.Qh3 Qd5 24.Rg1 Rd7 25.Rg5 Rxh7 26.Qxh7 Ne7 27.Qh5 Kd7 28.Qe2 a6 29.Rg7 Kd6
30.Rh7 Kd7 31.Kb1 Kd8 32.Qd3 Kc8 33.Qe2 Kd8 34.Qd3 Kc8 35.Qe2  1/2-1/2

[Event "Master Open"]
[Site "Cutro ITA"]
[Date "2006.04.23"]
[Round "1"]
[White "Marholev,D"]
[Black "Scerbo,A"]
[Result "1-0"]
[WhiteElo "2419"]
[BlackElo "2124"]

1.e4 c5 2.Nc3 Nc6 3.Bb5 Nd4 4.Bc4 e6 5.Nge2 Qc7 6.d3 a6 7.Nxd4 cxd4 8.Ne2 b5
9.Bb3 Bc5 10.O-O Ne7 11.Ng3 O-O 12.f4 f5 13.Qh5 Kh8 14.exf5 exf5 15.Bd2 Bb7
16.Rae1 Qc6 17.Rf2 g6 18.Qf3 Qxf3 19.gxf3 Rae8 20.Kg2 Nd5 21.Rfe2 Rxe2+ 22.Rxe2 Bd6
23.Bxd5 Bxd5 24.b3 Kg7 25.Bc1 Kf7 26.Kf2 Rc8 27.Bb2 Bxf4 28.Bxd4 h5 29.c4 Bc6
30.Be5 Bxe5 31.Rxe5 Kf6 32.f4 h4 33.Ne2 g5 34.Nd4 gxf4 35.Rxf5+ Kg6 36.h3 bxc4
37.dxc4 f3 38.Rf4 Kh5 39.Rf5+ Kg6 40.Ra5 Bb7 41.Nf5 Rh8 42.Nd6 Bc6 43.Rxa6 Rf8
44.Nb5 Kg5 45.Nd4 Be4 46.Ra5+ Kh6 47.Re5 Bb7 48.Nf5+ Kg5 49.Nd6+ Kf4 50.Rh5 Bc6
51.b4 Rg8 52.Rf5+  1-0

[Event "8th Dubai Open"]
[Site "Dubai UAE"]
[Date "2006.04.23"]
[Round "1"]
[White "Safarli,E"]
[Black "Kolyaie,H"]
[Result "1-0"]
[WhiteElo "2417"]
[BlackElo "2080"]

1.e4 c5 2.Nf3 Nc6 3.Nc3 Nf6 4.Bb5 g6 5.h3 Bg7 6.e5 Nh5 7.Bxc6 dxc6 8.d3 f5
9.exf6 Nxf6 10.Qe2 O-O 11.Bd2 Nd5 12.O-O Qc7 13.Rae1 Bd7 14.Nxd5 cxd5 15.Qxe7 Rxf3
16.gxf3 Rf8 17.Kg2 Bf6 18.Qe3 d4 19.Qh6 Qc8 20.Re4 Bg7 21.Qh4 Rf5 22.Qg3 Bc6
23.Rfe1 Bxe4 24.fxe4 Rf7 25.Qd6 Bf8 26.Qd5 Bg7 27.Bf4 h5 28.Kg3 c4  1-0

[Event "TCh-NED 2005-6"]
[Site "Netherlands NED"]
[Date "2006.04.23"]
[Round "9"]
[White "Deman,S"]
[Black "Blokhuis,J"]
[Result "0-1"]
[WhiteElo "2123"]
[BlackElo "2352"]

1.e4 c5 2.Nc3 Nc6 3.Bb5 g6 4.Bxc6 dxc6 5.d3 Bg7 6.Be3 b6 7.Qd2 e5 8.O-O-O Bg4
9.f3 Be6 10.h4 h6 11.Nh3 Qc8 12.f4 Qa6 13.fxe5 Bxe5 14.Bf4 Bg7 15.e5 O-O-O
16.b3 Ne7 17.Nf2 c4 18.Nfe4 cxb3 19.cxb3 Nd5 20.Nxd5 Rxd5 21.Qc2 Kb7 22.Rhe1 Rhd8
23.Kb1 Rb5 24.Rc1 c5 25.Red1 Rd4 26.g3 Rxe4 27.dxe4 g5 28.hxg5 hxg5 29.Bd2 c4
30.b4 Qa3 31.Bc3 a5 32.Ka1 axb4 33.Bb2 Qa5 34.Kb1 c3 35.Ba1 b3 36.Rd7+ Ka6  0-1

[Event "VII TCh-RUS w"]
[Site "Sochi RUS"]
[Date "2006.04.23"]
[Round "4"]
[White "Bronnikova,E"]
[Black "Cmilyte,V"]
[Result "1/2-1/2"]
[WhiteElo "2271"]
[BlackElo "2470"]

1.e4 c5 2.Nf3 Nc6 3.Nc3 Nf6 4.d4 cxd4 5.Nxd4 e5 6.Ndb5 d6 7.Nd5 Nxd5 8.exd5 Ne7
9.c4 Nf5 10.Bd3 Be7 11.O-O a6 12.Nc3 O-O 13.Kh1 g6 14.Rb1 Bd7 15.f4 exf4
16.Bxf4 Re8 17.Qf3 b5 18.b3 bxc4 19.Bxc4 Qb6 20.Rbe1 Qd4 21.Rd1 Qg7 22.Ne4 h5
23.Qd3 a5 24.Bd2 Qd4 25.Qxd4 Nxd4 26.Bc3 Nc2 27.Nf6+ Bxf6 28.Rxf6 Ne3 29.Re1 Nf5
30.a4 Rac8 31.Bxa5 Bxa4 32.Ra1 Bd7 33.Bc3 Ra8 34.Rc1 Ra2 35.Kg1 Re4 36.Bd3 Rg4
37.Rc2 Rxc2 38.Bxc2 Ne3 39.g3 Nxc2 40.Rxd6 Be8 41.Rd8 Re4 42.d6 f5 43.d7 Kf7
44.dxe8=Q+ Rxe8 45.Rxe8 Kxe8 46.Kf2 Kd7 47.Ke2 Kc6 48.Kd3 Na3 49.Bb4 Nb5
50.Kc4 g5 51.Be7 f4 52.Bxg5 Nd6+ 53.Kd3 fxg3 54.hxg3 Nf5 55.Bf4 Kb5 56.Kc3 Kc5
57.Kd3  1/2-1/2

[Event "VII TCh-RUS w"]
[Site "Sochi RUS"]
[Date "2006.04.23"]
[Round "4"]
[White "Meshcheriakova,E"]
[Black "Kosintseva,T"]
[Result "0-1"]
[WhiteElo "2203"]
[BlackElo "2489"]

1.e4 c5 2.Nf3 Nc6 3.Nc3 d6 4.d4 cxd4 5.Nxd4 Nf6 6.Bc4 Qb6 7.Nde2 e6 8.a3 Bd7
9.O-O Ne5 10.Bb3 Be7 11.Nd4 O-O 12.Kh1 Rac8 13.Be3 Qa6 14.f4 Nc4 15.Bxc4 Qxc4
16.e5 Ne8 17.Ne4 Qc7 18.exd6 Nxd6 19.Nxd6 Bxd6 20.Qd3 e5 21.fxe5 Bxe5 22.Nf3 Bc6
23.Nxe5 Qxe5 24.Qd4 Qh5 25.Rad1 Rfe8 26.Rfe1 h6 27.Kg1 Re4 28.Qd2 Rg4 29.Re2 Bf3
30.Rf1 Bxe2 31.Qxe2 Qg6 32.h3 Re4 33.Qd3 Rce8 34.Bxa7 b6 35.b3 Ra8 36.Qd7 Re2
37.Rf2 Rxf2 38.Kxf2 Qxc2+ 39.Kg1 Qc5+  0-1

[Event "VII TCh-RUS w"]
[Site "Sochi RUS"]
[Date "2006.04.25"]
[Round "6"]
[White "Stepovaia Dianchenko,T"]
[Black "Cmilyte,V"]
[Result "1/2-1/2"]
[WhiteElo "2343"]
[BlackElo "2470"]

1.e4 c5 2.Nf3 Nc6 3.Nc3 e5 4.Bc4 Be7 5.d3 d6 6.Nd2 Bg5 7.Nf1 Bxc1 8.Rxc1 Nf6
9.Ne3 Be6 10.Ned5 O-O 11.O-O a6 12.a4 Rb8 13.Nxf6+ Qxf6 14.Nd5 Qg5 15.Ne3 b5
16.axb5 axb5 17.Bd5 Bxd5 18.Nxd5 Nd4 19.Ra1 Ra8  1/2-1/2

[Event "8th Dubai Open"]
[Site "Dubai UAE"]
[Date "2006.04.26"]
[Round "4"]
[White "Bajarani,I"]
[Black "Stellwagen,R"]
[Result "1/2-1/2"]
[WhiteElo "2352"]
[BlackElo "2232"]

1.e4 c5 2.Nf3 Nc6 3.Nc3 g6 4.d4 cxd4 5.Nxd4 Bg7 6.Be3 Nf6 7.Bc4 Qa5 8.O-O O-O
9.Bb3 d6 10.h3 Bd7 11.Re1 Rfe8 12.Qd3 Rac8 13.f4 a6 14.Nf3 Qc7 15.a3 Na5
16.Ba2 Red8 17.e5 dxe5 18.fxe5 Be6 19.Qf1 Nd5 20.Bd4 Nc6  1/2-1/2

[Event "2nd Halkidiki Open"]
[Site "Kalithea GRE"]
[Date "2006.04.27"]
[Round "4"]
[White "Shavtvaladze,N"]
[Black "Bayram,Y"]
[Result "1-0"]
[WhiteElo "2368"]
[BlackElo "2258"]

1.e4 c5 2.Nc3 Nc6 3.Bb5 Nd4 4.Bc4 g6 5.Nf3 Bg7 6.Nxd4 cxd4 7.Qf3 Nh6 8.Ne2 O-O
9.d3 Ng4 10.Qg3 Ne5 11.Bb3 Nc6 12.h4 Na5 13.h5 Nxb3 14.axb3 e5 15.Qh2 g5
16.h6 Bf6 17.c4 d6 18.Bd2 Be7 19.Ng3 f6 20.f3 Bd7 21.Ke2 a5 22.Qg1 Kh8 23.Ra2 b5
24.Qa1 a4 25.bxa4 bxc4 26.dxc4 f5 27.Nxf5 Bxf5 28.exf5 d5 29.b3 d3+ 30.Kf1 Rxf5
31.Bc3 d4 32.Be1 e4 33.Bf2 exf3 34.Qxd4+ Bf6 35.Qxd8+ Rxd8 36.gxf3 Rxf3 37.Kg2 g4
38.a5 Bd4 39.Bxd4+ Rxd4 40.a6 Rf8 41.a7 Ra8 42.Rf1 Kg8 43.Raf2 Rdd8 44.Rf7 Kh8
45.Rg7 Rd6 46.Rb7 d2 47.Rff7 Kg8 48.Rg7+ Kf8 49.Rxh7  1-0

[Event "2nd Halkidiki Open"]
[Site "Kalithea GRE"]
[Date "2006.04.29"]
[Round "7"]
[White "Papadopoulos,P"]
[Black "Scurhan,G"]
[Result "0-1"]
[WhiteElo "1859"]
[BlackElo "2112"]

1.e4 c5 2.Nf3 Nc6 3.Nc3 g6 4.d4 cxd4 5.Nxd4 Bg7 6.Be3 Nf6 7.Bc4 O-O 8.Bb3 Ng4
9.Qxg4 Nxd4 10.Qg3 d6 11.Bxd4 Bxd4 12.O-O-O Bg7 13.h4 Be6 14.Nd5 a5 15.a4 Ra6
16.h5 Bxd5 17.Rxd5 e6 18.Rb5 Qf6 19.c3 Rc6 20.hxg6 hxg6 21.Qh4 Rxc3+ 22.Kb1 Rh3
23.e5 Rxh4  0-1

[Event "IV Regina Helena Marques Prol"]
[Site "Santos BRA"]
[Date "2006.04.29"]
[Round "1"]
[White "Bachmann,Ax"]
[Black "Stamenkovic,Dr"]
[Result "1-0"]
[WhiteElo "2414"]
[BlackElo "2334"]

1.e4 c5 2.Nf3 Nc6 3.Nc3 g6 4.Bb5 Bg7 5.O-O e5 6.Bxc6 dxc6 7.d3 Qd6 8.Be3 Nf6
9.h3 O-O 10.Qd2 b6 11.Rad1 Nh5 12.g4 Nf4 13.Bxf4 exf4 14.Rfe1 Re8 15.e5 Bxe5
16.Ne4 Qd8 17.Nxe5 Rxe5 18.Qxf4 Re6 19.g5 Kf8 20.Nf6 h5 21.h4 Qd4 22.Qc7 Kg7
23.Rxe6 Bxe6 24.c3 Qxh4 25.Qe5 Kf8 26.Re1 Rd8 27.Re4 Qh3 28.Re3 Qf5 29.Qg3 c4
30.d4 Bd5 31.f3 Be6 32.Kf2 Qc2+ 33.Re2 Qf5 34.Qc7 Rc8 35.Qxc8+  1-0

[Event "IV Regina Helena Marques Prol"]
[Site "Santos BRA"]
[Date "2006.04.29"]
[Round "1"]
[White "Larrea,M"]
[Black "Rosito,J"]
[Result "0-1"]
[WhiteElo "2278"]
[BlackElo "2426"]

1.e4 c5 2.Nc3 Nc6 3.Bb5 Nd4 4.Bc4 e6 5.Nf3 Ne7 6.Nxd4 cxd4 7.Ne2 d5 8.exd5 Nxd5
9.Nxd4 Nf4 10.Bb5+ Ke7 11.Nf3 Qd5 12.d4 Nxg2+ 13.Kf1 Qxb5+ 14.Kxg2 f6 15.b3 Kf7
16.c4 Qf5 17.Rg1 b6 18.Kf1 Bb7 19.Rg3 Bd6 20.Nh4 Qe4 21.Rg4 Qc6 22.d5 Qd7
23.Qf3 Rae8 24.Bb2 Rhf8 25.Rd1 Re7 26.Qd3 exd5 27.Nf5 g6 28.Nxd6+ Qxd6 29.Rh4 Kg8
30.cxd5 Rfe8 31.Bc3 a5 32.Qd4 Re5 33.Qc4 Rg5 34.Rf4 Ba6 35.Qxa6 Qxf4 36.Qxb6 Qe4  0-1

[Event "4NCL 2005-06"]
[Site "Birmingham ENG"]
[Date "2006.04.30"]
[Round "10"]
[White "Ledger,A"]
[Black "Greet,A"]
[Result "1-0"]
[WhiteElo "2430"]
[BlackElo "2418"]

1.e4 c5 2.Nc3 Nc6 3.Bb5 Nd4 4.Bc4 e6 5.Nge2 Nf6 6.O-O Qc7 7.d3 a6 8.Nxd4 cxd4
9.Ne2 Nxe4 10.Nxd4 Nf6 11.Bb3 b5 12.Qe2 Bb7 13.h3 Bc5 14.Be3 O-O 15.Nf3 a5
16.a4 b4 17.Rac1 Rfc8 18.Rfe1 Be7 19.Bg5 Qc5 20.Ne5 Rd8 21.c3 bxc3 22.bxc3 h6
23.d4 Qb6 24.Bxf6 gxf6 25.Nxf7 Kxf7 26.Rb1 Qc7 27.d5 Rg8 28.Qh5+ Rg6 29.Bc2 Rg8
30.c4 Bc8 31.dxe6+ dxe6 32.Bxg6+ Rxg6 33.Rb5 Qc6 34.f3 Bb4 35.Re4 f5 36.Ree5 Kg7
37.c5 Ba6 38.Rb6 Qc7 39.Rxa6 Qxe5 40.Ra7+ Kf6 41.Qh4+ Rg5 42.Qxh6+ Rg6 43.Qh4+ Rg5
44.Qh8+  1-0

[Event "XXIV Open"]
[Site "Metz FRA"]
[Date "2006.04.30"]
[Round "9"]
[White "Migot,T"]
[Black "Gorse,G"]
[Result "1/2-1/2"]
[WhiteElo "1946"]
[BlackElo "2049"]

1.e4 c5 2.Ne2 Nc6 3.Nbc3 d6 4.d4 cxd4 5.Nxd4 e6 6.Bc4 Nf6 7.Bb3 Be7 8.Be3 Bd7
9.O-O O-O 10.f4 Nxd4 11.Bxd4 Bc6 12.Qe2 Qc7 13.Rad1 Rad8 14.f5 exf5 15.Rxf5 Bd7
16.Rf4 Be6 17.Nd5 Bxd5 18.exd5 Ne8 19.Qf2 b6 20.Qg3 f5 21.Rdf1 Bf6 22.Bxf6 Nxf6
23.Rxf5 Kh8 24.Qd3 Rfe8 25.R5f3 Re5 26.c4 Rde8 27.Bc2 Qe7 28.Qd4 Re1 29.Bf5 Rxf1+
30.Rxf1 Qe3+ 31.Qxe3 Rxe3 32.Kf2 Re5 33.Bb1 Kg8 34.h3 Kf7 35.Rc1 h6 36.Rc3 Ke8
37.Ra3 Re7 38.Bf5 Kd8 39.Be6 Ne4+ 40.Ke2 Nc5 41.Kf3 a5 42.Re3 Kc7 43.b3 Nd7
44.Bxd7 Rf7+ 45.Bf5 Rxf5+ 46.Ke2 Kd7 47.Rf3 Re5+ 48.Kf2 Re7 49.Rf8 Kc7 50.h4 Re4
51.Rf7+ Kc8 52.Rxg7 Rxh4 53.Re7 a4 54.Kf3 axb3 55.axb3 Rh1 56.Re3 Kc7 57.Kf4 b5
58.cxb5 Rh4+ 59.g4 h5 60.Rg3 hxg4 61.Kg5 Rh1 62.Kf5 Rf1+ 63.Ke6 Re1+ 64.Kf5 Re5+
65.Kxg4 Rxd5 66.Kf4 Rxb5 67.Ke4  1/2-1/2

[Event "XIII TCh-RUS"]
[Site "Sochi RUS"]
[Date "2006.04.30"]
[Round "11"]
[White "Frolyanov,D"]
[Black "Sveshnikov,E"]
[Result "1-0"]
[WhiteElo "2497"]
[BlackElo "2524"]

1.e4 c5 2.Nf3 Nc6 3.Nc3 e5 4.Bc4 Be7 5.d3 Nf6 6.Ng5 O-O 7.f4 d5 8.exd5 Bg4
9.Qd2 Nd4 10.O-O exf4 11.Qxf4 Bd6 12.Qf2 Bd7 13.h3 b5 14.Bb3 Qc7 15.Nce4 Nxe4
16.Nxe4 Rae8 17.c3 Nxb3 18.axb3 Bh2+ 19.Kh1 f5 20.Nxc5 Bg3 21.Qd4 Be5 22.Qg1 f4
23.Ne4 f3 24.Rxf3 Rxf3 25.gxf3 Bxh3 26.Rxa7 Qd8 27.Bg5 Qxd5 28.d4 Bf5 29.Bf6 g6
30.Bxe5 Bxe4 31.Qg5 Bxf3+ 32.Kh2 Rxe5 33.Qxe5 Qxe5+ 34.dxe5 Bd5 35.c4 bxc4
36.b4 Bc6 37.Rc7 Ba4 38.Kg3 h6 39.e6 Kf8 40.Kf4  1-0

[Event "4NCL 2005-06"]
[Site "Birmingham ENG"]
[Date "2006.05.01"]
[Round "11"]
[White "Kennaugh,C"]
[Black "Pert,R"]
[Result "1-0"]
[WhiteElo "2274"]
[BlackElo "2430"]

1.e4 c5 2.Nf3 Nc6 3.Nc3 g6 4.Bb5 Bg7 5.O-O Nd4 6.Nxd4 cxd4 7.Ne2 Nf6 8.d3 O-O
9.c3 dxc3 10.bxc3 d6 11.Rb1 Be6 12.Ba4 Rc8 13.Bb3 Bxb3 14.Qxb3 b5 15.Be3 a5
16.Nd4 Qd7 17.Nxb5 Ng4 18.Bd2 Qc6 19.c4 a4 20.Qxa4 f5 21.Qd1 Ra8 22.Bg5 Qd7
23.exf5 gxf5 24.h3 Ne5 25.Qd2 Ng6 26.Nc3 f4 27.Nd5 e5 28.Qe2 Rae8 29.Qh5 Rf7
30.Rb6 e4 31.dxe4 Bd4 32.c5 Bxc5 33.Rb3 Qe6 34.Rf3 Qe5 35.Qh6 Ref8 36.Re1 Bd4
37.h4 Qe8 38.Bxf4 Bg7 39.Qg5 Kh8 40.h5 Nxf4 41.Rxf4 Bd4 42.Re2 Rg8 43.Qh4 Rgg7
44.Ne3 Qb5 45.Rd2 Qb1+ 46.Kh2 Be5 47.g3 Qe1 48.Rc2 Rb7 49.Rf5 Rb1 50.Kg2 Bd4
51.h6 Rxg3+ 52.fxg3 Qg1+ 53.Kh3 Rb8 54.Qf4 Rg8 55.Rf8 Qh1+ 56.Rh2  1-0

[Event "IV Regina Helena Marques Prol"]
[Site "Santos BRA"]
[Date "2006.05.01"]
[Round "3"]
[White "Van Riemsdijk,H"]
[Black "Choma,E"]
[Result "1-0"]
[WhiteElo "2349"]
[BlackElo "2275"]

1.e4 c5 2.Nf3 Nc6 3.Nc3 Nf6 4.Bb5 a6 5.Bxc6 dxc6 6.d3 Bg4 7.h3 Bxf3 8.Qxf3 e5
9.Qf5 Nd7 10.Bg5 Be7 11.Bxe7 Qxe7 12.O-O f6 13.Nd1 Nf8 14.Ne3 Qe6 15.f4 exf4
16.Qxf4 Ng6 17.Qc7 Qd7 18.Qb6 Qd4 19.Rae1 O-O 20.Qxb7 Rab8 21.Qxc6 Rxb2 22.Kh1 a5
23.Qc7 Qb4 24.a3 Qb6 25.Qxb6 Rxb6 26.Nc4 Rb5 27.Rb1 Rfb8 28.Rxb5 Rxb5 29.a4 Rb4
30.Rf5 Rxa4 31.Rxc5 Ra1+ 32.Kh2 a4 33.Nd6 h5 34.Ra5 h4 35.Nf5 a3 36.Ra7 a2
37.Rxg7+ Kh8 38.Ra7 Nf4 39.Nxh4 Ne2 40.Ng6+ Kg8 41.Ne7+ Kf8 42.Nd5 Nc1 43.Nc3 Rb1
44.Rxa2  1-0

[Event "Open A"]
[Site "Djakovo CRO"]
[Date "2006.05.02"]
[Round "4"]
[White "Vargic,D"]
[Black "Doric,D"]
[Result "0-1"]
[WhiteElo "2325"]
[BlackElo "2401"]

1.e4 c5 2.Nc3 Nc6 3.Nf3 d6 4.d4 cxd4 5.Nxd4 Nf6 6.Be3 Ng4 7.Bc1 Qb6 8.Bb5 Bd7
9.Bxc6 bxc6 10.O-O e5 11.Nb3 Be7 12.h3 Nf6 13.Bg5 Qc7 14.Qd3 h6 15.Bxf6 Bxf6
16.Nd1 O-O 17.c4 Be6 18.Ne3 Rfd8 19.Rfd1 a5 20.Nd2 Bg5 21.Ndf1 Rab8 22.Rab1 Rb4
23.b3 a4 24.Nc2 Rbb8 25.Nfe3 axb3 26.axb3 Qa7 27.b4 Bxe3 28.Nxe3 Qa4 29.b5 cxb5
30.Rxb5 Rbc8 31.Rc1 Bxc4 32.Rxc4 Qxb5 33.Rxc8 Qxd3 34.Rxd8+ Kh7 35.Rd7 Qxe4
36.Rxd6 f5 37.Rd7 h5 38.Nf1 f4 39.Rd8 Qe1 40.Re8 Kg6 41.Re6+ Kf5 42.Re8 Qa1
43.Rb8 Ke4 44.Rd8 g5 45.Rg8 Kd3 46.Rd8+ Ke2 47.Rd2+ Ke1 48.Rc2 Qb1 49.Rc5 e4
50.Rd5 Qa2 51.Rc5 Qxf2+  0-1

[Event "IV Regina Helena Marques Prol"]
[Site "Santos BRA"]
[Date "2006.05.02"]
[Round "5"]
[White "Larrea,M"]
[Black "Van Riemsdijk,H"]
[Result "0-1"]
[WhiteElo "2278"]
[BlackElo "2349"]

1.e4 c5 2.Nc3 Nc6 3.Bb5 Nd4 4.Bc4 e6 5.Nf3 Ne7 6.Nxd4 cxd4 7.Ne2 Nc6 8.O-O Bc5
9.d3 O-O 10.f4 d5 11.exd5 Na5 12.b4 Bxb4 13.Bb2 exd5 14.Bb3 Bg4 15.h3 Bxe2
16.Qxe2 Nxb3 17.cxb3 Re8 18.Qf2 Bc3 19.Rab1 Qa5 20.f5 f6 21.a4 Re5 22.Bc1 Rae8
23.Bf4 Re2 24.Qf3 Qd8 25.h4 Qd7 26.Qg4 Bd2 27.Rf3 Be3+ 28.Kh2 Rc8 29.Rbf1 Rcc2
30.Rg3 Bf2 31.Rxf2 Rxf2 32.Bh6 g6 33.Bf4 Kh8 34.h5 Qxf5 35.Qxf5 gxf5 36.Bh6 f4  0-1

[Event "4th TCh-SCG"]
[Site "Vrnjacka Banja SCG"]
[Date "2006.05.02"]
[Round "2"]
[White "Kalezic,B"]
[Black "Adzic,M"]
[Result "1/2-1/2"]
[WhiteElo "2435"]
[BlackElo "2218"]

1.e4 c5 2.Nf3 Nc6 3.Nc3 d6 4.d4 cxd4 5.Nxd4 Nf6 6.f3 e6 7.Be3 a6 8.Qd2 Bd7
9.g4 Nxd4 10.Qxd4 Bc6 11.g5 Nd7 12.O-O-O b5 13.f4 Qb8 14.Bg2 b4 15.Ne2 Qb7
16.Ng3 a5 17.Kb1 Nc5 18.Rhe1 Rg8 19.Bh1 g6 20.e5 d5 21.Qd2 Na4 22.Ka1 Rc8
23.Bd4 Be7 24.Bf3 Bb5 25.Be2 Bc5 26.h4 Ke7 27.h5 Bxd4 28.Qxd4 Bxe2 29.Rxe2 Qb6
30.Qd2 Rc7 31.Ne4 Rb8 32.Nd6 Qc5 33.Rh2 Nb6 34.hxg6 hxg6 35.Rh7 Rf8 36.Kb1 Nc4
37.Nxc4 Qxc4 38.Rh2 Rfc8 39.f5 exf5 40.Qxd5 Qxd5 41.Rxd5 Rc5 42.Rhd2 Rxd5
43.Rxd5 Rd8 44.c4 bxc3 45.Rxa5 Rd1+ 46.Kc2 cxb2 47.Kxb2 Rg1 48.Kc3 Rxg5 49.Kd4 Rg1
50.Ra7+ Kf8 51.a4 Re1 52.a5 g5 53.Ra8+ Kg7 54.Ra6 Re4+ 55.Kd5 Ra4 56.Ra7 Kg6
57.Ra6+ Kh5 58.Ra7 f4 59.Rxf7 Rxa5+ 60.Kd6 Ra6+ 61.Kd5 Kg6 62.e6 Ra1 63.Rf8 Rd1+
64.Ke5 Re1+ 65.Kd6 Rd1+ 66.Ke5 Re1+ 67.Kd6 Rd1+  1/2-1/2